000 00775nam a2200265Ia 4500
003 OSt
005 20220912151223.0
006 a|||||r|||| 00| 0
007 ta
008 220909b |||||||| |||| 00| 0 eng d
024 _a39984
037 _cTextual
040 _aCSL
_beng
_cCSL
041 _aeng
082 _aG:66xM09:g, J8
100 _aHuxley Julian S
245 0 _aBook that shook the world : Anniversary essays on Charles Darwin's origin of species
260 _aPittsburgh
_bUniversity of Pittsburgh press
_c1958
300 _avii, 60p.
_ccm.
650 _aBiology
700 _a Dobzhansky T
700 _a Reiser A L
942 _hG:66xM09:g, J8
_cTEXL
_2CC
999 _c63922
_d63922